MARC

LEADER 00000nam0a2200000 4500
001 310850
005 20231102002328.0
035 |a (RuTPU)RU\TPU\book\336203 
090 |a 310850 
100 |a 20151130d1982 km y0rusy50 ca 
101 1 |a rus  |c cze 
102 |a RU 
105 |a a z 000zy 
200 1 |a Ювелирное дело  |e пер. с чеш.  |f К. Тойбл 
210 |a Москва  |c Легкая и пищевая промышленность  |d 1982 
215 |a 200 с.  |c ил. 
606 1 |a Ювелирное дело  |2 stltpush  |3 (RuTPU)RU\TPU\subj\21511  |9 46488 
610 1 |a благородные металлы 
610 1 |a обработка металлов 
610 1 |a плавка 
610 1 |a опиливание 
610 1 |a пайка 
610 1 |a вспомогательные материалы 
610 1 |a производство 
610 1 |a техника 
610 1 |a украшения 
610 1 |a драгоценности 
610 1 |a ремонт 
610 1 |a бижутерия 
610 1 |a поделочные камни 
610 1 |a драгоценные камни 
610 1 |a имитация 
610 1 |a шедевры 
675 |a 671.1  |v 4 
700 1 |a Тойбл  |b К.  |g Карел 
801 1 |a RU  |b 63413507  |c 20151130 
801 2 |a RU  |b 63413507  |c 20191118  |g RCR 
942 |c BK